Contribución al estudio del arte visigótico en Castilla (Record no. 466977)
[ view plain ]
| 000 -CABECERA | |
|---|---|
| Campo de control de longitud fija | 00624nam a2200205 i 4500 |
| 003 - IDENTIFICADOR DEL NÚMERO DE CONTROL | |
| Campo de control | ES-SlBCS |
| 005 - FECHA Y HORA DE LA ÚLTIMA TRANSACCIÓN | |
| Campo de control | 20210327224137.0 |
| 007 - CAMPO FIJO DE DESCRIPCIÓN FÍSICA | |
| Campo de control de longitud fija | ta |
| 008 - CÓDIGOS DE INFORMACIÓN DE LONGITUD FIJA | |
| Campo de control de longitud fija | 160308s1916 sp a 000 0 spa d |
| 040 ## - FUENTE DE LA CATALOGACIÓN | |
| Centro catalogador del origen | ES-SlBCS |
| Lengua de catalogación | spa |
| Normas de descripción | rdc |
| 080 ## - NÚMERO DE LA CLASIFICACIÓN DECIMAL UNIVERSAL | |
| Número de la Clasificación Decimal Universal | 7.033 |
| 100 1# - PUNTO DE ACCESO PRINCIPAL-NOMBRE DE PERSONA | |
| Nombre de persona | Huidobro y Serna, Luciano |
| 9 (RLIN) | 69315 |
| 245 10 - MENCIÓN DE TÍTULO | |
| Título | Contribución al estudio del arte visigótico en Castilla |
| Mención de responsabilidad, etc. | por luciano Huidobro Serna. |
| 260 ## - PUBLICACIÓN, DISTRIBUCIÓN, ETC... (PIE DE IMPRENTA) | |
| Lugar de publicación, distribución, etc. | Valladolid : |
| Nombre del editor, distribuidor, etc. | Tip. del Colegio Santiagos, |
| Fecha de publicación, distribución, etc. | 1916 |
| 300 ## - DESCRIPCIÓN FÍSICA | |
| Extensión | 92 p., [12] h. : |
| Otras características físicas | il. ; |
| Dimensiones | 22 cm. |
| 650 #4 - PUNTO DE ACCESO ADICIONAL DE MATERIA-TÉRMINO DE MATERIA | |
| Término de materia o nombre geográfico como elemento inicial | Arte Visigodo |
| 9 (RLIN) | 105770 |
| 651 #4 - PUNTO DE ACCESO ADICIONAL DE MATERIA-NOMBRE GEOGRÁFICO | |
| Nombre geográfico | España. |
| 9 (RLIN) | 42201 |
| 651 #4 - PUNTO DE ACCESO ADICIONAL DE MATERIA-NOMBRE GEOGRÁFICO | |
| Nombre geográfico | Castilla. |
| 9 (RLIN) | 105771 |
| 942 ## - ENTRADA DE ELEMENTOS AGREGADOS (KOHA) | |
| Fuente de clasificaión o esquema | |
| Koha [por defecto] tipo de item | Libros |
| Suprimido | Perdido | Fuente de clasificación o esquema | Estropeado | No para préstamo | Localización permanente | Localización actual | Localización en estantería | Fecha adquisición | Préstamos totales | Signatura completa | Número de Registro / Código de Barras | Fecha última consulta | Fecha del precio de reemplazo | Tipo de item de Koha |
|---|---|---|---|---|---|---|---|---|---|---|---|---|---|---|
| San Esteban | San Esteban | Depósito de libros | 08/03/2016 | 70 SER con | 118206 | 08/03/2016 | 08/03/2016 | Libros |
